000 00351nam a2200157Ia 4500
003 Ost
005 20260225132538.0
008 260225s9999||||xx |||||||||||||| ||und||
040 _cfsic
041 _afre
082 _a153.4
100 _aPierre musso
_eAuteur
245 0 _aTechnologie de symbolisme /
245 0 _cPierre musso
942 _cكتاب
999 _c33358
_d33358